Sherlock Holmes Mysteries - Statistics

General Stats
  • This quiz has been taken 83 times
  • The average score is 7 of 10
Answer Stats
Hint Answer % Correct
a study in scarlet
96%
the hound of the Baskervilles
91%
a___ in Bohemia scandal
84%
the speckled band
75%
The ___headed league red
75%
the of four sign
74%
the final problem
65%
five orange pips
61%
the___ Napoleans six
59%
the lions mane
42%
No matching quizzes found
Score Distribution
Percent of People with Each Score
Percentile by Number Answered
Your Score History
You have not taken this quiz